00764nam a2200205Ia 4500008004100000050001200041050001500053100002800068245014000096245013800236260003100374260001000405260001000415300001500425300002600440300001100466500005600477650001100533650001400544150520s9999 xx 000 0 und d aQK 861  b.B942 2015 aBunag, Noreen Leigh S.  3aAn in vitro study of the antibacterial effectiveness of raphanus sativus linn (radish) crude extract against vibrio parahaemolyticus /  cNoreen Leigh S. Bunag, Mae Den C. Culla, Vanessa F. Gazzingan, Kayla Marie C. Hynson, Lara Mae P. Llantero, James Albert E. Martinez. aLas Piñas, Philippines : bSISC, c2015. a75 pages : bcolor illustrations ; c28 cm. aIncludes bibliographical references and appendices. aRadish aVegetable